000 00494nam a2200181Ia 4500
005 20250326124140.0
008 250326s9999 xx 000 0 und d
037 _aTextbook
040 _aFMSL
_beng
_cFMSL
041 _aeng
_2eng
084 _aX:5:Z2 K7
_qFMSL
100 _aPandia R H
_9345944
245 0 _aPrinciples of mercantile law
_cPandia R H
260 _aBombay
_bBombay, N M Tripathi
_c1967
300 _a600p
942 _cTB
_hX:5:Z2 K7
999 _c1272487
_d1272487